000 00637cam a22002053a 4500
001 39171
003 PGUSA
005 20140828083853.0
008 120316s2012||||xxu|||||s|||||000 | eng d
040 _aPGUSA
_beng
042 _adc
100 1 _aRostaing, Jules,
_d1824-
245 1 0 _aManuel de la politesse des usages du monde et du savoir-vivre :
_bpar madame J.-J. Lambert
_h[electronic resource] /
_cJules Rostaing
260 _bProject Gutenberg,
_c2012
506 _aPublic domain in the USA.
516 _aElectronic text
830 0 _aProject Gutenberg
_v39171
856 4 0 _uhttp://www.gutenberg.org/ebooks/39171
942 _cEB
999 _c268424
_d268424